| 000 | 00717nam a22001337a 4500 | ||
|---|---|---|---|
| 040 | _cRUA | ||
| 082 | _aAGR SEN 2021 B1-570 Or. | ||
| 100 | _aSENG KIMHOUT,សេង គីមហួត | ||
| 245 | _aEFFECT OF DIFFERENT CYTOKININ CONCENTRATIONS ON CAVENDISH BANANA(Musa AAA cv.Guidao 1 hao) UNDER IN-VITRO CONDITION,ឥទ្ធិលស៊ីតូគីនីន(CYTOKININ) ទៅលើការលូតលាស់ចេកអំបូងលឿងនៅក្រោមលក្ខខណ្ឌសិប្បនិម្មិត | ||
| 260 |
_aphnom penh _brua _c2021 |
||
| 300 |
_axii.28p. _bill. _c29cm. |
||
| 856 | _uhttps://drive.google.com/file/d/1yLlmEAPtCPVoV7cfW902fMV_qsrbR3Sy/view?usp=sharing | ||
| 942 | _cAGR | ||
| 999 |
_c22774 _d22774 |
||